Twenty Years of Development in Egypt : (Record no. 2634)
[ view plain ]
| 000 -LEADER | |
|---|---|
| fixed length control field | 01318nac a22002291u 4500 |
| 008 - FIXED-LENGTH DATA ELEMENTS--GENERAL INFORMATION | |
| fixed length control field | 110112t xxu||||| |||| 00| 0 eng d |
| 020 ## - INTERNATIONAL STANDARD BOOK NUMBER | |
| International Standard Book Number | 977424513X |
| 082 ## - DEWEY DECIMAL CLASSIFICATION NUMBER | |
| Classification number | 338.962 |
| Item number | CAI |
| 100 ## - MAIN ENTRY--PERSONAL NAME | |
| Personal name | 20080729 |
| 9 (RLIN) | 21946 |
| 111 ## - MAIN ENTRY--MEETING NAME | |
| Relator code | Cairo Papers 20th Anniversary Symposium |
| Location of meeting | Cairo,Egypt |
| Date of meeting | (1997 : |
| 9 (RLIN) | 21947 |
| 245 ## - TITLE STATEMENT | |
| Title | Twenty Years of Development in Egypt : |
| Remainder of title | Cairo Papers 1977 - 1997 : 20th Anniversary Symposium 1 Economy, politics, regional relations / |
| Statement of responsibility, etc | Guest editor Mark C. Kennedy |
| 246 ## - VARYING FORM OF TITLE | |
| Title proper/short title | عشرون عاما من التنمية في مصر: |
| Remainder of title | 1977-1997. ج1، الإقتصاد، السياسة، والعلاقات الإقليمية. بحوث القاهرة. ندوة العيد العشرين / تحرير مارك كنيدي |
| 260 ## - PUBLICATION, DISTRIBUTION, ETC. (IMPRINT) | |
| Place of publication, distribution, etc | Cairo, Egypt : |
| Name of publisher, distributor, etc | American University in Cairo Press, |
| Date of publication, distribution, etc | 1999 |
| 300 ## - PHYSICAL DESCRIPTION | |
| Extent | 200 p. ; |
| Dimensions | 22 cm. |
| 504 ## - BIBLIOGRAPHY, ETC. NOTE | |
| Bibliography, etc | Includes bibliographical references |
| 505 ## - FORMATTED CONTENTS NOTE | |
| Formatted contents note | pt. 1. Economy, politics, regional relations / guest - - pt. 2. Society, culture,education, law, women / guest editor, Mark C. Kennedy |
| 651 ## - SUBJECT ADDED ENTRY--GEOGRAPHIC NAME | |
| Geographic name | Egypt |
| General subdivision | Economic conditions |
| Chronological subdivision | 1952- |
| 9 (RLIN) | 21948 |
| 651 ## - SUBJECT ADDED ENTRY--GEOGRAPHIC NAME | |
| Geographic name | Egypt |
| General subdivision | Politics and government |
| Chronological subdivision | 1970- |
| 9 (RLIN) | 21949 |
| 700 ## - ADDED ENTRY--PERSONAL NAME | |
| Personal name | Kennedy, Mark C. |
| 9 (RLIN) | 21950 |
| 830 ## - SERIES ADDED ENTRY--UNIFORM TITLE | |
| Uniform title | Cairo papers in social science ; v. 21, nos. 3-4 |
| 9 (RLIN) | 21951 |
| 942 ## - ADDED ENTRY ELEMENTS (KOHA) | |
| Item type | Book - Borrowing |
| Call number prefix | 338.962 CAI |
| Source of classification or shelving scheme | Dewey Decimal Classification |
| Withdrawn status | Item status | Source of classification or shelving scheme | Damaged status | Not for loan | Vendor | Home library | Current library | Shelving location | Date acquired | Source of acquisition | Total Checkouts | Total Renewals | Full call number | Barcode | Date last seen | Date last borrowed | Cost, replacement price | Koha item type |
|---|---|---|---|---|---|---|---|---|---|---|---|---|---|---|---|---|---|---|
| Dewey Decimal Classification | Central Library | Central Library | First floor | 12/01/2011 | 12 | 7 | 338.962 CAI | 000001811 | 15/07/2025 | 07/03/2018 | 20.00 | Book - Borrowing |